Music Quiz

Random Music or Song Quiz

Music's Missing Persons Quiz Stats

 Plays Quiz Updated May 21, 2018

Score 0/40 Timer 04:00
1 Play Today
Song Title Name % Correct
'_____ Jean'Billie
90.7%
'_____ and the Jets'Bennie
85.3%
'Sweet _____'Caroline
84.1%
'_____ Eastwood'Clint
82.1%
'_____ B. Goode'Johnny
80.5%
'Good Golly Miss _____'Molly
79.5%
'_____ From the Block'Jenny
79.2%
'_____ Revere'Paul
70.6%
'_____ Rigby'Eleanor
70.3%
'A Boy Named _____'Sue
69.7%
'_____'s got a Gun'Janie
64.9%
'_____ Tuesday'Ruby
63.8%
'_____'s GirlJessie
62.4%
'_____ California'Dani
61%
'_____ Parks'Rosa
60%
'_____ May'Maggie
58.8%
'_____ Stardust'Ziggy
58.4%
'Wake Up Little _____'Susie
55.3%
' _____ Sue'Peggy
49.3%
'_____ Walks'Jesus
44.9%
Song Title Name % Correct
'My _____'Sharona
43.3%
'Hey _____'Joe
42.8%
'_____'s Last Dance'Mary Jane
37.8%
'My Name is _____'Jonas
34.5%
'Dreamboat _____'Annie
34.1%
'Sweet _____'Jane
33.7%
'Whats the Frequency, _____?'Kenneth
32.6%
'The Ghost of _____ Joad'Tom
31.2%
'_____ Don't Lose That Number'Rikki
31.2%
'_____'s Crying'Jamie
31%
' _____'s Song'Adam
29.9%
' _____(You're a Fine Girl)'Brandy
25.6%
'Happy _____'Jack
23.2%
'_____'s Body'Jennifer
20.6%
'_____ is a Punk Rocker'Sheena
16.6%
'Darling _____'Nikki
16.1%
'For _____, Wherever I May Find Her'Emily
11.4%
'Visions of _____'Johanna
9.4%
'_____ Applebum'Bonita
6.3%
'_____ Runs the Voodoo Down'Miles
3.8%

You're not logged in!

Compare scores with friends on all Sporcle quizzes.
OR
Log In

Sporcle TV

Today on Sporcle TV


Watch our educational content, quiz creation guides, and fun videos on Sporcle TV.

Show Comments

Extras

Top Quizzes Today


Score Distribution

Your Account Isn't Verified!

In order to create a playlist on Sporcle, you need to verify the email address you used during registration. Go to your Sporcle Settings to finish the process.

Report this User

Report this user for behavior that violates our Community Guidelines.

Details: